000 00759nam a2200289Ia 4500
005 20260324112711.0
008 008 260324s9999 xx 000 0 eng d
020 _a9781003222118
037 _aEBOOK
040 _aCRL
040 _beng
040 _cCRL
041 _2eng
041 _aeng
084 _qCRL
100 _aDavid Báez-López; David Alfredo Báez Villegas
_91143792
245 0 _aIntroduction to Python
245 0 _bWith Applications in Optimization, Image and Video Processing, and Machine Learning
260 _bTaylor and Francis
260 _c2024
365 _a
365 _b400
856 _uhttp://www.taylorfrancis.com/books/9781003222118
942 _cEBOOK
999 _c1733099
_d1733099